| 000 | 02959ngm a2200469 4500 | ||
|---|---|---|---|
| 003 | dpl | ||
| 005 | 20081212143856.0 | ||
| 007 | DVD | ||
| 008 | ||||||sp199 xxu|||||c ||| 00| 0 ng d | ||
| 010 | _aDVD-001391-1393 & DVD-004845-4850 | ||
| 024 |
_aDVD-E 1418 _c99.00 |
||
| 035 | _aDVD-001391-1393 | ||
| 035 | _aDVD-004845-4850 | ||
| 040 |
_aDPL _cDPL |
||
| 082 | _aDVD /LAGE | ||
| 245 |
_aLage Raho Munna Bhai _cVidhu Vinod Chopra Production Presents _h[videorecording] DVD/ |
||
| 260 | _bEros International | ||
| 300 |
_a1 videodisc DVD; (145 min.) _bsd., col. ; _c4 3/4 in. _fDVD |
||
| 440 | _aEros International | ||
| 500 | _aWinner of 4 National Awards | ||
| 538 | _aDolby Digital 5.1 - Hindi Subtitles: English | ||
| 538 | _aNTSC Format-All Regions, 16x9 Anamorphic (2:23.1 Aspect Ratio), Dual Layer | ||
| 650 | _aMotion Picture | ||
| 700 | _aChopra, Vidhu Vinod | ||
| 700 | _aHirani, Rajkumar | ||
| 700 | _aDutt, Sanjay | ||
| 700 | _aWarsi, Arsad | ||
| 700 | _aBalan, Vidya | ||
| 700 | _aDeshmuck, Ritesh | ||
| 942 |
_cCF _2ddc _hDVD _mLAGE |
||
| 999 |
_c19765 _d19765 |
||